| 000 | 00000nam##2200000za#4500 |
| 001 | 9.676261 |
| 003 | CaOODSP |
| 005 | 20210624225729 |
| 007 | cr ||||||||||| |
| 008 | 150407|1992||||xxc|||||o f|0| 0 eng|d |
| 040 | |aCaOODSP|beng |
| 041 | |aeng |
| 041 | |afre |
| 043 | |an-cn--- |
| 086 | 1 |aCS95-370/1992-PDF |
| 245 | 00|aAgricultural profile of Saskatchewan - part 1 |h[electronic resource] |
| 260 | |aOttawa - Ontario : |bStatistics Canada. |c1992. |
| 500 | |aHistorical census publication digitized by Statistics Canada. |
| 590 | |a13-04-Supp|b2013-02-13 |
| 690 | 07|aAgriculture statistics|2gcpds |
| 690 | 07|aCensus data|2gcpds |
| 710 | 1 |aCanada. |bStatistics Canada. |bAgriculture Division. |
| 792 | |tProfil agricole du Saskatchewan - partie 1 |efre|w(CaOODSP)9.676262 |
| 856 | 40|ahttp://publications.gc.ca|qPDF|s12.2 MB|uhttps://publications.gc.ca/collections/collection_2013/statcan/rh-hc/CS95-370-1992.pdf |